1345 1780 1823 1600 1744 1159 1459 1089 1511 1771 1532 1656 1070 1269 1423 1922 1599 1377 1566 1401 1807 1581 1998 1122 1583 1255 1927 1606 1437 1327 1819 1629 1951 1839 1983 1827 1800 1055 1078 1306 1072 1777 1474 1997 1257 1771 1572 1493 1405 1038 1571 1178 1272 1168 1412 1012 1036 1484 1172 1420 1803 1505 1590 1897 1330 1384 1801 1272 1796 1424 1915 1693 1225 1461 1656 1827 1072 1834 1330 1659 1666 1562 1604 1539 1274 1608 1399 1140 1476 1022 1484 1591 1181 1219 1154 1172 1921 1286 1569 BCNSPRNW ULIB Ver.6.0+V

เปลี่ยนเป็นภาษาไทย

Change to English
 แสดงรายละเอียดบรรณานุกรม
  กลับหน้าหลัก

Brief Record : Get Marc (ISO 2709) : E-mail record : QR code < ปิดหน้าต่าง
LEADER : 00000nam 2200000uu 4500
001    13399115167
003     ULIB
008    120715s2550||||th 000 0 tha d
020    ^a9789747306174
050  4 ^aPE1271^bก975ก 2550
100 0  ^aไกรคุง อนัคฆกุล
245 00 ^aกริยา 3 ช่อง และการใช้Tenses (รูปแบบใหม่)/^cไกรคุง อนัคฆกุล
260    ^aกรุงเทพฯ:^bปัญญาชน,^c2550
300    ^a171 หน้า :^bภาพประกอบ
650  7 ^aภาษาอังกฤษ^xกริยา
945    ^p75^l0^i18087
995    ^aกัณชพร
999    ^aใช้งานได้ทุกระบบ
รายการนี้ยังไม่มีแท็ก
คุณยังไม่ได้ล็อกอิน คุณสามารถมีกิจกรรมร่วมกับเว็บไซต์ได้ แต่ต้องล็อกอินก่อน ::
  ล็อกอิน

รายการสื่อสารสนเทศ

ลำดับที่ ประเภท เลขเรียก/บาร์โค้ด สถานที่ สถานะ
- ไม่พบข้อมูล -

รายการใกล้เคียง
    ผู้แต่ง [ไกรคุง อนัคฆกุล]

BibComment


ยังไม่เคยถูกคอมเมนท์

คอมเมนท์ทรัพยากรรายการนี้
  คอมเมนท์: กริยา 3 ช่อง และ..


 Copyright 2026. Bcnsprnw @Library